00334nam a2200133Ia 4500008004100000020001500041041001200056082001600068100001600084245004700100260002800147300000800175650001700183221030s9999 xx 000 0 und d a8188114014 aEnglish a105.23bTay aA. K. Tayal 0aEngineering Mechanics : Statics & Dynamics bUmesh Pub.aDelhic2002 a688 aBB Mechanics